ARRUPE JESUIT UNIVERSITY

CORONAVIRUS -STOP THE SPREAD - CLEAN,DISINFECT,COVER

All Protocol Observed (Record no. 120132)

MARC details
000 -LEADER
fixed length control field 00469nam a22001337a 4500
008 - FIXED-LENGTH DATA ELEMENTS--GENERAL INFORMATION
fixed length control field 140221b xxu||||| |||| 00| 0 eng d
050 ## - LIBRARY OF CONGRESS CALL NUMBER
Classification number PR9390.6.L219
100 ## - MAIN ENTRY--PERSONAL NAME
Personal name Lambada, Robson I.S.
9 (RLIN) 8853
245 ## - TITLE STATEMENT
Title All Protocol Observed
Remainder of title Zimbabwe poets for human rights
Statement of responsibility, etc Robson I.S. lambada
260 ## - PUBLICATION, DISTRIBUTION, ETC. (IMPRINT)
Place of publication, distribution, etc Newent, UK
Name of publisher, distributor, etc Diaspora Publishers, UK
Date of publication, distribution, etc 2013
300 ## - PHYSICAL DESCRIPTION
Extent 86p. ;
Dimensions 21cm.
650 ## - SUBJECT ADDED ENTRY--TOPICAL TERM
Topical term or geographic name as entry element Zimbabwe poetry
General subdivision collections
-- civil rights
Geographic subdivision Zimbabwe
9 (RLIN) 8854
942 ## - ADDED ENTRY ELEMENTS (KOHA)
Source of classification or shelving scheme Library of Congress Classification
Item type Monograph ( Printed materials)
Holdings
Withdrawn status Lost status Source of classification or shelving scheme Damaged status Not for loan Collection code Home library Current library Shelving location Date acquired Total Checkouts Full call number Barcode Date last seen Price effective from Koha item type
    Library of Congress Classification     Main Collection ARRUPE LIBRARY ARRUPE LIBRARY Main Collection 21/02/2014   PR9390.6.L219 46500002135 21/02/2014 21/02/2014 Monograph ( Printed materials)

 

Arrupe Library. PO Box MP320 Mt Pleasant, Harare, Zimbabwe
263 242 745411|librarian@aju.ac.zw